| 000 | 00411nam a2200157Ia 4500 | ||
|---|---|---|---|
| 008 | 230917s9999||||xx |||||||||||||| ||und|| | ||
| 040 |
_e101759 _aMAIN |
||
| 041 | _aEnglish | ||
| 082 | _a547.139 L612N | ||
| 100 | _aLi, Jie Jack | ||
| 245 | 0 | _aName reactions: A collection of detailed reaction mechanisms | |
| 250 | _a2nd ed. | ||
| 260 |
_aBerlin _bSpringer-Verlag _c2003 |
||
| 300 | _a465 p. | ||
| 942 | _cBK | ||
| 999 |
_c122337 _d122337 |
||